| 000 | 00526nam a22001817a 4500 | ||
|---|---|---|---|
| 005 | 20250708110649.0 | ||
| 008 | 250708b |||||||| |||| 00| 0 eng d | ||
| 020 | _a978-1-111-84193-5 | ||
| 050 | _aLB 1051 .S66 2013 | ||
| 100 | _aSNOWMAN, JACK | ||
| 245 | _aED PSYCH | ||
| 260 |
_a BELMONT, CA _bWADSWORTH PUBLISHING COMPANY, _c2013 |
||
| 300 | _aXI, 422P.:ILL | ||
| 500 | _aINCLUDES BIBLIOGRAPHICAL REFERENCES AND INDEX | ||
| 650 | _a EDUCATIONAL PSYCHOLOGY--TEXTBOOKS | ||
| 700 | _aMCCOWN, R. R | ||
| 942 |
_2lcc _cBK |
||
| 999 |
_c215838 _d215838 |
||